00683 a2200205 4500502002300000653002600023100002600049300001500075245015700090650001500247650002000262650002200282650002500304130000700329710009400336041000700430041000700437653002300444651001000467 aThèse d'exercice1 aSciences agronomiques aAliou, Mohamed Daouda aXVI-107 p. aContribution à l'étude écoéthologique du francolin (francolinus bicalcaratus l) en milieu naturel et son utilisation dans l'alimentation humaine aGALLIFORME aOISEAU NUISIBLE aLUTTE ANTI OISEAU aALIMENTATION HUMAINE lFr aAbomey-Calavi, Université nationale du Bénin, Faculté des Sciences Agronomiques, BJ bFr bEn 1aProduction animale aBENIN